<?xml version="1.0" encoding="UTF-8"?>
<collection xmlns="http://www.loc.gov/MARC21/slim">
 <record>
  <leader>06207nas a22006731  4500</leader>
  <controlfield tag="001">1/50467</controlfield>
  <controlfield tag="008">071126c20059999pauqr1p       0   a0eng d</controlfield>
  <datafield tag="022" ind1=" " ind2=" ">
   <subfield code="a">1548-3924</subfield>
  </datafield>
  <datafield tag="035" ind1=" " ind2=" ">
   <subfield code="l">36411</subfield>
  </datafield>
  <datafield tag="040" ind1=" " ind2=" ">
   <subfield code="a">DLC</subfield>
   <subfield code="b">GR-PeUP</subfield>
  </datafield>
  <datafield tag="090" ind1=" " ind2=" ">
   <subfield code="a">Αλφαβητική σειρά</subfield>
  </datafield>
  <datafield tag="245" ind1="0" ind2="0">
   <subfield code="a">International Journal of Data Warehousing and Mining</subfield>
  </datafield>
  <datafield tag="260" ind1=" " ind2=" ">
   <subfield code="a">Hershey, USA :</subfield>
   <subfield code="b">Idea Group Publishing,</subfield>
   <subfield code="c">2005-</subfield>
  </datafield>
  <datafield tag="300" ind1=" " ind2=" ">
   <subfield code="a">v. :</subfield>
   <subfield code="b">ill. ;</subfield>
   <subfield code="c">26 cm.</subfield>
  </datafield>
  <datafield tag="310" ind1=" " ind2=" ">
   <subfield code="a">Quarterly</subfield>
  </datafield>
  <datafield tag="362" ind1="0" ind2=" ">
   <subfield code="a">Vol.2, no.1(Jan./Mar. 2006)-v.</subfield>
  </datafield>
  <datafield tag="546" ind1=" " ind2=" ">
   <subfield code="a">English</subfield>
  </datafield>
  <datafield tag="650" ind1=" " ind2="4">
   <subfield code="a">Data mining</subfield>
   <subfield code="v">Periodicals.</subfield>
  </datafield>
  <datafield tag="650" ind1=" " ind2="4">
   <subfield code="a">Data warehousing</subfield>
   <subfield code="v">Periodicals.</subfield>
  </datafield>
  <datafield tag="710" ind1="2" ind2=" ">
   <subfield code="a">Information Resources Management Association.</subfield>
  </datafield>
  <datafield tag="852" ind1=" " ind2=" ">
   <subfield code="a">INST</subfield>
   <subfield code="b">UNIPILB</subfield>
   <subfield code="c">SERIALS</subfield>
   <subfield code="e">20071126</subfield>
   <subfield code="h">Αλφαβητική σειρά</subfield>
   <subfield code="p">58558</subfield>
   <subfield code="q">58558</subfield>
   <subfield code="t">NOLOAN</subfield>
   <subfield code="v">vol.2;no.1:(Μήνας)January;(Έτος)2006</subfield>
   <subfield code="y">23</subfield>
  </datafield>
  <datafield tag="852" ind1=" " ind2=" ">
   <subfield code="a">INST</subfield>
   <subfield code="b">UNIPILB</subfield>
   <subfield code="c">SERIALS</subfield>
   <subfield code="e">20071126</subfield>
   <subfield code="h">Αλφαβητική σειρά</subfield>
   <subfield code="p">58559</subfield>
   <subfield code="q">58559</subfield>
   <subfield code="t">NOLOAN</subfield>
   <subfield code="v">vol.2;no.2:(Μήνας)April;(Έτος)2006</subfield>
   <subfield code="y">23</subfield>
  </datafield>
  <datafield tag="852" ind1=" " ind2=" ">
   <subfield code="a">INST</subfield>
   <subfield code="b">UNIPILB</subfield>
   <subfield code="c">SERIALS</subfield>
   <subfield code="e">20071126</subfield>
   <subfield code="h">Αλφαβητική σειρά</subfield>
   <subfield code="p">58560</subfield>
   <subfield code="q">58560</subfield>
   <subfield code="t">NOLOAN</subfield>
   <subfield code="v">vol.2;no.3:(Μήνας)July;(Έτος)2006</subfield>
   <subfield code="y">23</subfield>
  </datafield>
  <datafield tag="852" ind1=" " ind2=" ">
   <subfield code="a">INST</subfield>
   <subfield code="b">UNIPILB</subfield>
   <subfield code="c">SERIALS</subfield>
   <subfield code="e">20071126</subfield>
   <subfield code="h">Αλφαβητική σειρά</subfield>
   <subfield code="p">58561</subfield>
   <subfield code="q">58561</subfield>
   <subfield code="t">NOLOAN</subfield>
   <subfield code="v">vol.2;no.4:(Μήνας)October;(Έτος)2006</subfield>
   <subfield code="y">23</subfield>
  </datafield>
  <datafield tag="852" ind1=" " ind2=" ">
   <subfield code="a">INST</subfield>
   <subfield code="b">UNIPILB</subfield>
   <subfield code="c">SERIALS</subfield>
   <subfield code="e">20071126</subfield>
   <subfield code="h">Αλφαβητική σειρά</subfield>
   <subfield code="p">58562</subfield>
   <subfield code="q">58562</subfield>
   <subfield code="t">NOLOAN</subfield>
   <subfield code="v">vol.3;no.1:(Μήνας)January;(Έτος)2007</subfield>
   <subfield code="y">23</subfield>
  </datafield>
  <datafield tag="852" ind1=" " ind2=" ">
   <subfield code="a">INST</subfield>
   <subfield code="b">UNIPILB</subfield>
   <subfield code="c">SERIALS</subfield>
   <subfield code="e">20071126</subfield>
   <subfield code="h">Αλφαβητική σειρά</subfield>
   <subfield code="p">58563</subfield>
   <subfield code="q">58563</subfield>
   <subfield code="t">NOLOAN</subfield>
   <subfield code="v">vol.3;no.2:(Μήνας)April;(Έτος)2007</subfield>
   <subfield code="y">23</subfield>
  </datafield>
  <datafield tag="852" ind1=" " ind2=" ">
   <subfield code="a">INST</subfield>
   <subfield code="b">UNIPILB</subfield>
   <subfield code="c">SERIALS</subfield>
   <subfield code="e">20071126</subfield>
   <subfield code="h">Αλφαβητική σειρά</subfield>
   <subfield code="p">58564</subfield>
   <subfield code="q">58564</subfield>
   <subfield code="t">NOLOAN</subfield>
   <subfield code="v">vol.3;no.3:(Μήνας)July;(Έτος)2007</subfield>
   <subfield code="y">23</subfield>
  </datafield>
  <datafield tag="852" ind1=" " ind2=" ">
   <subfield code="a">INST</subfield>
   <subfield code="b">UNIPILB</subfield>
   <subfield code="c">SERIALS</subfield>
   <subfield code="e">20071126</subfield>
   <subfield code="h">Αλφαβητική σειρά</subfield>
   <subfield code="p">58565</subfield>
   <subfield code="q">58565</subfield>
   <subfield code="t">NOLOAN</subfield>
   <subfield code="v">vol.3;no.4:(Μήνας)October;(Έτος)2007</subfield>
   <subfield code="y">23</subfield>
  </datafield>
  <datafield tag="852" ind1=" " ind2=" ">
   <subfield code="a">INST</subfield>
   <subfield code="b">UNIPILB</subfield>
   <subfield code="c">SERIALS</subfield>
   <subfield code="e">20100203</subfield>
   <subfield code="h">Αλφαβητική σειρά</subfield>
   <subfield code="p">66608</subfield>
   <subfield code="q">66608</subfield>
   <subfield code="t">NOLOAN</subfield>
   <subfield code="v">vol.5;no.1:(Μήνες)Jan.-Mar.;(Έτος)2009</subfield>
   <subfield code="y">23</subfield>
  </datafield>
  <datafield tag="852" ind1=" " ind2=" ">
   <subfield code="a">INST</subfield>
   <subfield code="b">UNIPILB</subfield>
   <subfield code="c">SERIALS</subfield>
   <subfield code="e">20100203</subfield>
   <subfield code="h">Αλφαβητική σειρά</subfield>
   <subfield code="p">66625</subfield>
   <subfield code="q">66625</subfield>
   <subfield code="t">NOLOAN</subfield>
   <subfield code="v">vol.5;no.2:(Μήνες)Apr.-Jun.;(Έτος)2009</subfield>
   <subfield code="y">23</subfield>
  </datafield>
  <datafield tag="852" ind1=" " ind2=" ">
   <subfield code="a">INST</subfield>
   <subfield code="b">UNIPILB</subfield>
   <subfield code="c">SERIALS</subfield>
   <subfield code="e">20100203</subfield>
   <subfield code="h">Αλφαβητική σειρά</subfield>
   <subfield code="p">66626</subfield>
   <subfield code="q">66626</subfield>
   <subfield code="t">NOLOAN</subfield>
   <subfield code="v">vol.5;no.3:(Μήνες)Jul.-Sep.;(Έτος)2009</subfield>
   <subfield code="y">23</subfield>
  </datafield>
  <datafield tag="852" ind1=" " ind2=" ">
   <subfield code="a">INST</subfield>
   <subfield code="b">UNIPILB</subfield>
   <subfield code="c">SERIALS</subfield>
   <subfield code="e">20100203</subfield>
   <subfield code="h">Αλφαβητική σειρά</subfield>
   <subfield code="p">66627</subfield>
   <subfield code="q">66627</subfield>
   <subfield code="t">NOLOAN</subfield>
   <subfield code="v">vol.5;no.4:(Μήνες)Oct.-Dec.;(Έτος)2009</subfield>
   <subfield code="y">23</subfield>
  </datafield>
  <datafield tag="852" ind1=" " ind2=" ">
   <subfield code="a">INST</subfield>
   <subfield code="b">UNIPILB</subfield>
   <subfield code="c">SERIALS</subfield>
   <subfield code="e">20101022</subfield>
   <subfield code="h">Αλφαβητική σειρά</subfield>
   <subfield code="p">70374</subfield>
   <subfield code="q">70374</subfield>
   <subfield code="t">NOLOAN</subfield>
   <subfield code="v">vol.6;no.1:(Μήνες)Jan.-Mar.;(Έτος)2010</subfield>
   <subfield code="y">23</subfield>
  </datafield>
  <datafield tag="852" ind1=" " ind2=" ">
   <subfield code="a">INST</subfield>
   <subfield code="b">UNIPILB</subfield>
   <subfield code="c">SERIALS</subfield>
   <subfield code="e">20101022</subfield>
   <subfield code="h">Αλφαβητική σειρά</subfield>
   <subfield code="p">70375</subfield>
   <subfield code="q">70375</subfield>
   <subfield code="t">NOLOAN</subfield>
   <subfield code="v">vol.6;no.2:(Μήνες)Apr.-Jun.;(Έτος)2010</subfield>
   <subfield code="y">23</subfield>
  </datafield>
  <datafield tag="852" ind1=" " ind2=" ">
   <subfield code="a">INST</subfield>
   <subfield code="b">UNIPILB</subfield>
   <subfield code="c">SERIALS</subfield>
   <subfield code="e">20101022</subfield>
   <subfield code="h">Αλφαβητική σειρά</subfield>
   <subfield code="p">70376</subfield>
   <subfield code="q">70376</subfield>
   <subfield code="t">NOLOAN</subfield>
   <subfield code="v">vol.6;no.3:(Μήνες)Jul.-Sep.;(Έτος)2010</subfield>
   <subfield code="y">23</subfield>
  </datafield>
  <datafield tag="852" ind1=" " ind2=" ">
   <subfield code="a">INST</subfield>
   <subfield code="b">UNIPILB</subfield>
   <subfield code="c">SERIALS</subfield>
   <subfield code="e">20110118</subfield>
   <subfield code="h">Αλφαβητική σειρά</subfield>
   <subfield code="p">70802</subfield>
   <subfield code="q">70802</subfield>
   <subfield code="t">NOLOAN</subfield>
   <subfield code="v">vol.6;no.4:(Μήνες)Oct.-Dec.;(Έτος)2010</subfield>
   <subfield code="y">23</subfield>
  </datafield>
  <datafield tag="852" ind1=" " ind2=" ">
   <subfield code="a">INST</subfield>
   <subfield code="b">UNIPILB</subfield>
   <subfield code="c">SERIALS</subfield>
   <subfield code="e">20110929</subfield>
   <subfield code="h">Αλφαβητική σειρά</subfield>
   <subfield code="p">72809</subfield>
   <subfield code="q">72809</subfield>
   <subfield code="t">NOLOAN</subfield>
   <subfield code="v">vol.7;no.1:(Μήνες)Jan.-Mar.;(Έτος)2011</subfield>
   <subfield code="y">23</subfield>
  </datafield>
  <datafield tag="852" ind1=" " ind2=" ">
   <subfield code="a">INST</subfield>
   <subfield code="b">UNIPILB</subfield>
   <subfield code="c">SERIALS</subfield>
   <subfield code="e">20120116</subfield>
   <subfield code="h">Αλφαβητική σειρά</subfield>
   <subfield code="p">73933</subfield>
   <subfield code="q">73933</subfield>
   <subfield code="t">NOLOAN</subfield>
   <subfield code="v">vol.7;no.4:(Μήνες)Oct.-Dec.;(Έτος)2011</subfield>
   <subfield code="y">23</subfield>
  </datafield>
  <datafield tag="852" ind1=" " ind2=" ">
   <subfield code="a">INST</subfield>
   <subfield code="b">UNIPILB</subfield>
   <subfield code="c">SERIALS</subfield>
   <subfield code="e">20120706</subfield>
   <subfield code="h">Αλφαβητική σειρά</subfield>
   <subfield code="p">75996</subfield>
   <subfield code="q">75996</subfield>
   <subfield code="t">NOLOAN</subfield>
   <subfield code="v">vol.8;no.1:(Μήνες)Jan.-Mar.;(Έτος)2012</subfield>
   <subfield code="y">23</subfield>
  </datafield>
  <datafield tag="852" ind1=" " ind2=" ">
   <subfield code="a">INST</subfield>
   <subfield code="b">UNIPILB</subfield>
   <subfield code="c">SERIALS</subfield>
   <subfield code="e">20120706</subfield>
   <subfield code="h">Αλφαβητική σειρά</subfield>
   <subfield code="p">75997</subfield>
   <subfield code="q">75997</subfield>
   <subfield code="t">NOLOAN</subfield>
   <subfield code="v">vol.8;no.2:(Μήνες)Apr.-Jun.;(Έτος)2012</subfield>
   <subfield code="y">23</subfield>
  </datafield>
  <datafield tag="852" ind1=" " ind2=" ">
   <subfield code="a">INST</subfield>
   <subfield code="b">UNIPILB</subfield>
   <subfield code="c">SERIALS</subfield>
   <subfield code="e">20120829</subfield>
   <subfield code="h">Αλφαβητική σειρά</subfield>
   <subfield code="p">76324</subfield>
   <subfield code="q">76324</subfield>
   <subfield code="t">NOLOAN</subfield>
   <subfield code="v">vol.8;no.3:(Μήνες)Jul.-Sep.;(Έτος)2012</subfield>
   <subfield code="y">23</subfield>
  </datafield>
  <datafield tag="852" ind1=" " ind2=" ">
   <subfield code="a">INST</subfield>
   <subfield code="b">UNIPILB</subfield>
   <subfield code="c">SERIALS</subfield>
   <subfield code="e">20121012</subfield>
   <subfield code="h">Αλφαβητική σειρά</subfield>
   <subfield code="p">76773</subfield>
   <subfield code="q">76773</subfield>
   <subfield code="t">NOLOAN</subfield>
   <subfield code="v">vol.7;no.2:(Μήνες)Apr.-Jun.;(Έτος)2011</subfield>
   <subfield code="y">23</subfield>
  </datafield>
  <datafield tag="852" ind1=" " ind2=" ">
   <subfield code="a">INST</subfield>
   <subfield code="b">UNIPILB</subfield>
   <subfield code="c">SERIALS</subfield>
   <subfield code="e">20121012</subfield>
   <subfield code="h">Αλφαβητική σειρά</subfield>
   <subfield code="p">76774</subfield>
   <subfield code="q">76774</subfield>
   <subfield code="t">NOLOAN</subfield>
   <subfield code="v">vol.7;no.3:(Μήνες)Jul.-Sep.;(Έτος)2011</subfield>
   <subfield code="y">23</subfield>
  </datafield>
  <datafield tag="852" ind1=" " ind2=" ">
   <subfield code="a">INST</subfield>
   <subfield code="b">UNIPILB</subfield>
   <subfield code="c">SERIALS</subfield>
   <subfield code="e">20130329</subfield>
   <subfield code="h">Αλφαβητική σειρά</subfield>
   <subfield code="p">78619</subfield>
   <subfield code="q">78619</subfield>
   <subfield code="t">NOLOAN</subfield>
   <subfield code="v">vol.8;no.4:(Μήνες)Oct.-Dec.;(Έτος)2012</subfield>
   <subfield code="y">23</subfield>
  </datafield>
  <datafield tag="852" ind1=" " ind2=" ">
   <subfield code="a">INST</subfield>
   <subfield code="b">UNIPILB</subfield>
   <subfield code="c">SERIALS</subfield>
   <subfield code="e">20140110</subfield>
   <subfield code="h">Αλφαβητική σειρά</subfield>
   <subfield code="p">81813</subfield>
   <subfield code="q">81813</subfield>
   <subfield code="t">NOLOAN</subfield>
   <subfield code="v">vol.9;no.1:(Μήνες)Jan.-Mar.;(Έτος)2013</subfield>
   <subfield code="y">23</subfield>
  </datafield>
  <datafield tag="852" ind1=" " ind2=" ">
   <subfield code="a">INST</subfield>
   <subfield code="b">UNIPILB</subfield>
   <subfield code="c">SERIALS</subfield>
   <subfield code="e">20140110</subfield>
   <subfield code="h">Αλφαβητική σειρά</subfield>
   <subfield code="p">81814</subfield>
   <subfield code="q">81814</subfield>
   <subfield code="t">NOLOAN</subfield>
   <subfield code="v">vol.9;no.2:(Μήνες)Apr.-Jun.;(Έτος)2013</subfield>
   <subfield code="y">23</subfield>
  </datafield>
  <datafield tag="852" ind1=" " ind2=" ">
   <subfield code="a">INST</subfield>
   <subfield code="b">UNIPILB</subfield>
   <subfield code="c">SERIALS</subfield>
   <subfield code="e">20140110</subfield>
   <subfield code="h">Αλφαβητική σειρά</subfield>
   <subfield code="p">81815</subfield>
   <subfield code="q">81815</subfield>
   <subfield code="t">NOLOAN</subfield>
   <subfield code="v">vol.9;no.3:(Μήνες)Jul.-Sep.;(Έτος)2013</subfield>
   <subfield code="y">23</subfield>
  </datafield>
  <datafield tag="852" ind1=" " ind2=" ">
   <subfield code="a">INST</subfield>
   <subfield code="b">UNIPILB</subfield>
   <subfield code="c">SERIALS</subfield>
   <subfield code="e">20140523</subfield>
   <subfield code="h">Αλφαβητική σειρά</subfield>
   <subfield code="p">83219</subfield>
   <subfield code="q">83219</subfield>
   <subfield code="t">NOLOAN</subfield>
   <subfield code="v">vol.9;no.4:(Μήνες)Oct.-Dec.;(Έτος)2013</subfield>
   <subfield code="y">23</subfield>
  </datafield>
  <datafield tag="852" ind1=" " ind2=" ">
   <subfield code="a">INST</subfield>
   <subfield code="b">UNIPILB</subfield>
   <subfield code="c">SERIALS</subfield>
   <subfield code="e">20100202</subfield>
   <subfield code="h">Αλφαβητική σειρά</subfield>
   <subfield code="p">NB000451</subfield>
   <subfield code="q">NB000451</subfield>
   <subfield code="t">NOLOAN</subfield>
   <subfield code="v">vol.5;no.1:(Μήνες)Jan.-Mar.;(Έτος)2009</subfield>
   <subfield code="y">23</subfield>
  </datafield>
  <datafield tag="852" ind1=" " ind2=" ">
   <subfield code="a">INST</subfield>
   <subfield code="b">UNIPILB</subfield>
   <subfield code="c">SERIALS</subfield>
   <subfield code="e">20100202</subfield>
   <subfield code="h">Αλφαβητική σειρά</subfield>
   <subfield code="p">NB000452</subfield>
   <subfield code="q">NB000452</subfield>
   <subfield code="t">NOLOAN</subfield>
   <subfield code="v">vol.5;no.2:(Μήνες)Apr.-Jun.;(Έτος)2009</subfield>
   <subfield code="y">23</subfield>
  </datafield>
  <datafield tag="852" ind1=" " ind2=" ">
   <subfield code="a">INST</subfield>
   <subfield code="b">UNIPILB</subfield>
   <subfield code="c">SERIALS</subfield>
   <subfield code="e">20100202</subfield>
   <subfield code="h">Αλφαβητική σειρά</subfield>
   <subfield code="p">NB000453</subfield>
   <subfield code="q">NB000453</subfield>
   <subfield code="t">NOLOAN</subfield>
   <subfield code="v">vol.5;no.3:(Μήνες)Jul.-Sep.;(Έτος)2009</subfield>
   <subfield code="y">23</subfield>
  </datafield>
  <datafield tag="852" ind1=" " ind2=" ">
   <subfield code="a">INST</subfield>
   <subfield code="b">UNIPILB</subfield>
   <subfield code="c">SERIALS</subfield>
   <subfield code="e">20100202</subfield>
   <subfield code="h">Αλφαβητική σειρά</subfield>
   <subfield code="p">NB000454</subfield>
   <subfield code="q">NB000454</subfield>
   <subfield code="t">NOLOAN</subfield>
   <subfield code="v">vol.5;no.4:(Μήνες)Oct.-Dec.;(Έτος)2009</subfield>
   <subfield code="y">23</subfield>
  </datafield>
  <datafield tag="856" ind1="4" ind2="1">
   <subfield code="u">www.idea-group.com/journals/details.asp?id=4291</subfield>
  </datafield>
  <datafield tag="900" ind1=" " ind2=" ">
   <subfield code="a">Vol. 9 no. 5 (Jan.-Mar., 2014)</subfield>
   <subfield code="b">Οφειλόμενο</subfield>
   <subfield code="c">13/06/2017</subfield>
  </datafield>
  <datafield tag="950" ind1=" " ind2=" ">
   <subfield code="a">01/01/2006</subfield>
   <subfield code="c">SWETS INFORMATION SERVICES</subfield>
   <subfield code="d">767</subfield>
  </datafield>
  <datafield tag="951" ind1=" " ind2=" ">
   <subfield code="a">Vol. 9 no. 1 (Jan., 2013) - Vol. 9 no. 4 (Dec., 2013)</subfield>
   <subfield code="b">Main run</subfield>
  </datafield>
  <datafield tag="951" ind1=" " ind2=" ">
   <subfield code="a">Vol. 2 no. 1 (January 2006) - Vol. 3 no. 4 (October 2007)</subfield>
   <subfield code="b">Main run</subfield>
  </datafield>
  <datafield tag="951" ind1=" " ind2=" ">
   <subfield code="a">Vol. 5 no. 1  (Jan.-Mar., 2009 ) - Vol. 5 no. 4 (Oct.-Dec., 2009)</subfield>
   <subfield code="b">Main run</subfield>
  </datafield>
  <datafield tag="951" ind1=" " ind2=" ">
   <subfield code="a">Vol. 6 no. 1 (Jan., 2010) - Vol. 8 no. 4 (Dec., 2012)</subfield>
   <subfield code="b">Main run</subfield>
  </datafield>
 </record>
</collection>
